00902cam a2200265 a 45000010008000000030005000080050017000130080041000300100017000710200040000880400018001280500020001460820016001661000021001822450056002032500012002592600031002713000057003025000008003595040051003676500026004186500029004448560074004738560089005472030566Nust20170503130456.0920129s1993 nyua b 001 0 eng  a 92006989  a0471553808 (cloth : acidfree paper) aDLCcDLCdDLC00aQA401b.K7 199300a510 KRE2201 aKreyszig, Erwin.10aAdvanced engineering mathematics /cErwin Kreyszig. a7th ed. aNew York :bWiley,cc1993. a1 v. (various pagings) :bill. (some col.) ;c27 cm. aP.B aIncludes bibliographical references and index. 0aMathematical physics. 0aEngineering mathematics.4 3Table of Contentsuhttp://www.loc.gov/catdir/toc/onix05/92006989.html423Publisher descriptionuhttp://www.loc.gov/catdir/enhancements/fy0707/92006989-d.html